Bilecik Bilecik Bilecik Bilecik Bilecik

Mathematics/ (Record no. 10202)

MARC details
000 -BAŞLIK
Sabit Uzunluktaki Kontrol Alanı 01110nam a22003137a 4500
001 - KONTROL NUMARASI
Control Dosyası 0010230
003 - KONTROL NUMARASI KİMLİĞİ
Kontrol Alanı KOHA_MİRAKIL
005 - EN SON İŞLEM TARİHİ ve ZAMANI
Kontrol Alanı 20260207001737.0
007 - FİZİKSEL TANIM SABİT ALAN - GENEL BİLGİ
Sabit uzunluklu kontrol alanı ta
008 - SABİT UZUNLUKTAKİ VERİ ÖGELERİ - GENEL BİLGİ
Sabit Alan 091105b tu |||gr||||#||||0|eng |
020 ## - ISBN - ULUSLARARASI STANDART KİTAP NUMARASI
Isbn 9751005450
Nitelik bilgileri (vol.2)
020 ## - ISBN - ULUSLARARASI STANDART KİTAP NUMARASI
Isbn 9751007429
Nitelik bilgileri (vol.3)
020 ## - ISBN - ULUSLARARASI STANDART KİTAP NUMARASI
Isbn 975100733X
Nitelik bilgileri (vol.4)
Kullanılabilirlik koşulları 0,01
040 ## - KATALOGLAMA KAYNAĞI
Özgün Kataloglama Kurumu TR-BiSEU
Kataloglama Dili tur
Çeviri Kurumu TR-BiSEU
Açıklama Kuralları rda
041 0# - DİL KODU
Metin ya da ses kaydının dil kodu eng
044 ## - YAYINLAYAN/ÜRETEN KURULUŞUN ÜLKE KODU
ISO country code tu
050 ## - SINIFLAMA ve YER NUMARASI
Sınıflama Numarası QA11.A2
Yer Numarası P45 [t.y.]
100 1# - KİŞİ ADI
Yazar Adı (Kişi adı) Peken, Mevlüt.
245 1# - ESER ADI BİLDİRİMİ
Başlık Mathematics/
Sorumluluk Bildirimi Mevlüt Peken ; Mevlüt Peken, İsmail Aydın.
264 #1 - ÜRERİM, YAYIN, DAĞITIM ve TELİF BİLDİRİMİ
Yayın yeri İstanbul :
Yayınlayan İnkılap Kitabevi
Yayın tarihi [t.y.]
300 ## - FİZİKSEL TANIMLAMA
Sayfa, Cilt vb. c. , 240 sayfa: resimli ;
Boyutları 24 cm.
336 ## - İÇERİK TÜRÜ
Content type term metin
Content type code txt
Source rdacontent
337 ## - MEDYA TÜRÜ
Media type term aracısız
Media type code n
Source rdamedia
338 ## - TAŞIYICI TÜRÜ
Carrier type term cilt
Carrier type code nc
Source rdacarrier
505 ## - İÇİNDEKİLER NOTU
İçindekiler Notu çindekiler: 2.c.: Mathematics / Mevlüt Peken, İsmail Aydın--3.c.: Mathematics / Mevlüt Peken, İsmail Aydın--4.c.: Mathematics / İsmail Aydın, Galip Karakılıç, Mevlüt Peken.
650 #0 - KONU BAŞLIĞI EK GİRİŞ - KONU TERİMİ
Konusal terim veya coğrafi ad Mathematics--Study and teaching.
9 (RLIN) 8560
650 #0 - KONU BAŞLIĞI EK GİRİŞ - KONU TERİMİ
Konusal terim veya coğrafi ad Matematik--Çalışma ve öğretim.
9 (RLIN) 8559
942 ## - EK GİRİŞ ÖGELERİ (KOHA)
Source of classification or shelving scheme Library of Congress Classification
Koha item type Book
Holdings
Materyal Türü Kalıcı Konum Mevcut Konum Raf Yeri Sınıflandırma Kaynağı Edinim Bilgisi Ana Konular Alt Konular Yer Numarası Cilt Bilgisi Demirbaş Numarası Fatura Tarihi Geri Çekilme Durumu Kayıp Durumu Hasarlı Durumu Kredi için değil Kayıt Tarih Toplam Ödünçverme Son Görülme Tarihi Son Kontrol Tarihi Genel / Bağış Notu
Book Prof. Dr. Azmi Özcan Kütüphanesi Prof. Dr. Azmi Özcan Kütüphanesi Birûni Salonu Library of Congress Classification Bağış BİLİM Matematik QA11.A2 P45 [t.y.] c.2 0010230 13/08/2010         05/11/2009   05/12/2024 05/12/2024 Boğaziçi Üniversitesi